Organic Chemistry (Record no. 562178)
[ view plain ]
| 000 -LEADER | |
|---|---|
| fixed length control field | 00230nam a2200097Ia 4500 |
| 008 - FIXED-LENGTH DATA ELEMENTS--GENERAL INFORMATION | |
| fixed length control field | 210430s9999 xx 000 0 und d |
| 082 ## - DEWEY DECIMAL CLASSIFICATION NUMBER | |
| Classification number | 546 Y671 T |
| 100 ## - MAIN ENTRY--PERSONAL NAME | |
| Personal name | M.Younas |
| 245 ## - TITLE STATEMENT | |
| Title | Organic Chemistry |
| Statement of responsibility, etc. | M.Younas |
| 942 ## - ADDED ENTRY ELEMENTS (KOHA) | |
| Koha item type | Book |
| Source of classification or shelving scheme | |
| Withdrawn status | Lost status | Damaged status | Not for loan | Collection code | Permanent Location | Current Location | Shelving location | Date acquired | Total Checkouts | Full call number | Barcode | Date last seen | Price effective from | Koha item type |
|---|---|---|---|---|---|---|---|---|---|---|---|---|---|---|
| School of Chemical & Materials Engineering (SCME) | School of Chemical & Materials Engineering (SCME) | General Stacks | 03/11/6 | 546 Y671 T | SCME-1039 | 04/30/2021 | 04/30/2021 | Book |
